| 000 | 00647cam a22002291 4500 | ||
|---|---|---|---|
| 001 | 9038 | ||
| 003 | BD-RjUL | ||
| 005 | 20211208234714.0 | ||
| 008 | 140120s1962 nyua b 000 0 eng | ||
| 035 | _a(BD-RjUL)9083 | ||
| 040 |
_aDLC _cDLC _dDLC _dBD-RjUL _beng |
||
| 041 | _aeng | ||
| 082 | 0 | 0 |
_a539.12 _218 _bBAI 1962 |
| 100 | 1 |
_aBarrow, Gordon M. _928054 |
|
| 245 | 0 | 0 |
_aIntroduction to molecular spectroscopy / _cGordon M Barrow. |
| 260 |
_aNew York : _bMcGraw-Hill, _cc1962. |
||
| 300 |
_a318 p. : _bill. ; _c25 cm. |
||
| 504 | _aIncludes bibliography. | ||
| 650 | 0 |
_aMolecular spectroscopy. _928055 |
|
| 942 |
_2ddc _cBK |
||
| 999 |
_c9038 _d9038 |
||